<?xml version='1.0' encoding='UTF-8'?>
  <record xmlns="http://www.loc.gov/MARC21/slim">
    <leader>00000ctm a22000007i 4500</leader>
    <controlfield tag="001">on1012938440</controlfield>
    <controlfield tag="003">OCoLC</controlfield>
    <controlfield tag="005">20250926225035.4</controlfield>
    <controlfield tag="007">tz</controlfield>
    <controlfield tag="008">171127s164u    ne            001 0 lat d</controlfield>
    <datafield tag="040" ind1=" " ind2=" ">
      <subfield code="a">QGJ</subfield>
      <subfield code="b">eng</subfield>
      <subfield code="e">rda</subfield>
      <subfield code="c">QGJ</subfield>
      <subfield code="d">OCLCQ</subfield>
      <subfield code="d">OCLCO</subfield>
      <subfield code="d">QGJ</subfield>
      <subfield code="d">OCLCQ</subfield>
      <subfield code="d">OCLCO</subfield>
      <subfield code="d">QGJ</subfield>
      <subfield code="d">OCLCL</subfield>
      <subfield code="d">OCLCQ</subfield>
      <subfield code="d">OCLCO</subfield>
    </datafield>
    <datafield tag="035" ind1=" " ind2=" ">
      <subfield code="a">(OCoLC)1012938440</subfield>
    </datafield>
    <datafield tag="041" ind1="0" ind2=" ">
      <subfield code="a">lat</subfield>
      <subfield code="a">fre</subfield>
    </datafield>
    <datafield tag="245" ind1="0" ind2="0">
      <subfield code="a">Epistolae diversorum descriptae ex authographis ab Arnoldo Buchelio et Arnoldi Buchelii ad diversos,</subfield>
      <subfield code="f">UBU Hs. 983 (Hs 7 E 7).</subfield>
    </datafield>
    <datafield tag="264" ind1=" " ind2="0">
      <subfield code="a">[Utrecht],</subfield>
      <subfield code="c">[approximately 1640]</subfield>
    </datafield>
    <datafield tag="300" ind1=" " ind2=" ">
      <subfield code="a">164 pages ;</subfield>
      <subfield code="c">200 x 150 (160 x 105) mm</subfield>
    </datafield>
    <datafield tag="336" ind1=" " ind2=" ">
      <subfield code="a">text</subfield>
      <subfield code="b">txt</subfield>
      <subfield code="2">rdacontent</subfield>
    </datafield>
    <datafield tag="337" ind1=" " ind2=" ">
      <subfield code="a">unmediated</subfield>
      <subfield code="b">n</subfield>
      <subfield code="2">rdamedia</subfield>
    </datafield>
    <datafield tag="338" ind1=" " ind2=" ">
      <subfield code="a">volume</subfield>
      <subfield code="b">nc</subfield>
      <subfield code="2">rdacarrier</subfield>
    </datafield>
    <datafield tag="340" ind1=" " ind2=" ">
      <subfield code="a">Paper</subfield>
    </datafield>
    <datafield tag="500" ind1=" " ind2=" ">
      <subfield code="a">Titel derived from: P.A. Tiele, Catalogus codicum manu scriptorum Bibliothecae Universitatis Rheno-Trajectinae.</subfield>
    </datafield>
    <datafield tag="500" ind1=" " ind2=" ">
      <subfield code="a">Includes index (p. 164).</subfield>
    </datafield>
    <datafield tag="520" ind1="2" ind2=" ">
      <subfield code="a">Collection of letters by and to different correspondents, transcribed from the autographs by Arend van Buchell. The original letters date from between 1515 and 1640. Contains also some letters originally written by or to Van Buchell.</subfield>
    </datafield>
    <datafield tag="524" ind1="8" ind2=" ">
      <subfield code="a">Cite as: Universiteitsbibliotheek Utrecht Hs. 983 (Hs 7 E 7).</subfield>
    </datafield>
    <datafield tag="546" ind1=" " ind2=" ">
      <subfield code="a">Includes also some letters in French.</subfield>
    </datafield>
    <datafield tag="581" ind1=" " ind2=" ">
      <subfield code="a">P.A. Tiele, Catalogus codicum manu scriptorum Bibliothecae Universitatis Rheno-Trajectinae. I. Trajecti ad Rhenum / Hagae Comitis 1887. P. 234-236.</subfield>
    </datafield>
    <datafield tag="581" ind1=" " ind2=" ">
      <subfield code="a">C. Valerius ab Auwater, Epistolae et carmina. Publ. from the original drafts, with introd. and notes by H. de Vocht. Louvain 1957. (= Humanistica Lovaniensia 14). p. 369-372 nr. 191 (uitg. van fol. 3)</subfield>
    </datafield>
    <datafield tag="581" ind1=" " ind2=" ">
      <subfield code="a">Th. Gaedertz, Zur Kenntnis der Alt-englischen Bühne nebst andern Beiträgen zur Shakespeare-Literatuur. Bremen 1888, p. 57, 60 (ged. uitgave van de excerpten nr. 35-40).</subfield>
    </datafield>
    <datafield tag="581" ind1=" " ind2=" ">
      <subfield code="a">J.A. Gruys, The correspondence of Theodorus Canterus (Dirk Canter 1545-1616). An inventory. Nieuwkoop 1978. (Bibliotheca bibliographica Neerlandica 9). p. 2, 5-6, 11. 13. 19-23, 25-26, 28, 30, 49.</subfield>
    </datafield>
    <datafield tag="581" ind1=" " ind2=" ">
      <subfield code="a">J.A. Gruys, 'Ne quid, quod literis prodesse posset, mea negligentia periret.', in: Het oude en nieuwe boek. De oude en nieuwe bibliotheek. (Liber amicorum H.D.L. Vervliet). Kapellen 1988. p. 165-177 (uitgave van fl. 24r-v met afb. van fol. 25r-v.)</subfield>
    </datafield>
    <datafield tag="581" ind1=" " ind2=" ">
      <subfield code="a">A. Hulshof &amp; P.S. Breuning, 'Brieven van Johannes de Wit aan Arend van Buchel en anderen', in: Bijdragen en mededeelingen van het Historisch Genootschap 60 (1939), p. 87-208. p. xxx (fol. 5r-13r)</subfield>
    </datafield>
    <datafield tag="581" ind1=" " ind2=" ">
      <subfield code="a">A. Hulshof &amp; P.S. Breuning, 'Zes brieven van Johannes de Wit aan Arend van Buchel', in: Bijdragen en mededeelingen van het Historisch Genootschap 61 (1940), p. 60-99 (nr. 22, 25, 28, 32, 38 en 40 (originelen in het Utrechts Archief).</subfield>
    </datafield>
    <datafield tag="581" ind1=" " ind2=" ">
      <subfield code="a">P.O. Kristeller, Iter Italicum. Accedunt alia itinera. A finding list of uncatalogued or incompletely catalogued humanistic manuscripts of the Renaissance in Italian and other libraries IV (alia itinera II): Great Britain to Spain. London etc. 1989. p. 382.</subfield>
    </datafield>
    <datafield tag="581" ind1=" " ind2=" ">
      <subfield code="a">H.M.J. Müter, 'Gijsbertus Lap van Waveren, historicus te Utrecht 1596-1647', in: Archief voor de geschiedenis van de katholieke kerk in Nederland 1 (1959) p. 210-211 (uitgave van fol. 17r-v, 27v-28r: brief van A. Wichman aan Lap v. W., 12.9.1632).</subfield>
    </datafield>
    <datafield tag="581" ind1=" " ind2=" ">
      <subfield code="a">J. Pollmann, Een andere weg naar God. De reformatie van Arnoldus Buchelius (1565-1641). Amsterdam 2000 (ook verschenen als proefschrift UvA: Another road to God, [s.n.] 1998, ook verschenen als: Religious choice in the Dutch Republic. The reformation of Arnoldus Buchelius (1565-1641), Manchester 1999). p. 132 nt. 14, 133 nt. 15, 135 nt. 39, 143, nt. 74, 149 nt. 103 en 106, 151 nt. 112 en 114, 165 nt. 5-6 en 8, 166 nt. 11-12, 173 nt. 49-50, 181 nt. 96-97, 182 nt. 100, 195 nt. 18, 196 nt. 23, 199 nt. 23, 199 nt. 34, 223 nt. 143, 224 nt. 145 en 150 en 154.</subfield>
    </datafield>
    <datafield tag="581" ind1=" " ind2=" ">
      <subfield code="a">J. Schlueter, 'Sleuthing de Witt's Swan. New (and old) directions for research, p. 9.</subfield>
    </datafield>
    <datafield tag="581" ind1=" " ind2=" ">
      <subfield code="a">N.C. Sluijter-Seijffert, Cornelis van Poelenburch (ca. 1593-1667). Dissertatie Leiden. Enschede 1984. p. 28, 249 (fol. 8-12).</subfield>
    </datafield>
    <datafield tag="581" ind1=" " ind2=" ">
      <subfield code="a">Jo. Is. Pontanus Brieven van en aan Jo. Is Pontanus, 1595-1639, uitgeg. door P.N. van Doorninck &amp; P.C. Molhuysen. Haarlem 1909. p. 88 (fol. 85r-86v: brief van Buchelius aan [Jo. Is. Pontanus], 7.11.1634)</subfield>
    </datafield>
    <datafield tag="700" ind1="1" ind2=" ">
      <subfield code="a">Buchell, Arend van,</subfield>
      <subfield code="d">1565-1641,</subfield>
      <subfield code="e">correspondent, scribe.</subfield>
      <subfield code="1">https://id.oclc.org/worldcat/entity/E39PBJvt97kGgrhYc6wBHv6BT3</subfield>
    </datafield>
    <datafield tag="700" ind1="1" ind2=" ">
      <subfield code="i">Container of (work):</subfield>
      <subfield code="a">Buchell, Arend van,</subfield>
      <subfield code="d">1565-1641.</subfield>
      <subfield code="t">Correspondence.</subfield>
    </datafield>
    <datafield tag="710" ind1="2" ind2=" ">
      <subfield code="a">Utrechts Archief,</subfield>
      <subfield code="e">former owner.</subfield>
      <subfield code="1">https://id.oclc.org/worldcat/entity/E39QQPVp7WprXvJp94kFj8Cq6g</subfield>
    </datafield>
    <datafield tag="710" ind1="2" ind2=" ">
      <subfield code="a">Universiteit Utrecht.</subfield>
      <subfield code="b">Bibliotheek.</subfield>
      <subfield code="k">Manuscript</subfield>
      <subfield code="n">Hs. 983 (Hs 7 E 7)</subfield>
    </datafield>
    <datafield tag="758" ind1=" " ind2=" ">
      <subfield code="i">has work:</subfield>
      <subfield code="a">UBU Hs. 983 (Hs 7 E 7) Epistolae diversorum descriptae ex authographis ab Arnoldo Buchelio et Arnoldi Buchelii ad diversos (Text)</subfield>
      <subfield code="1">https://id.oclc.org/worldcat/entity/E39PCGKbyjxk8JmbwYHhG86PDC</subfield>
      <subfield code="4">https://id.oclc.org/worldcat/ontology/hasWork</subfield>
    </datafield>
    <datafield tag="856" ind1="4" ind2="1">
      <subfield code="u">http://objects.library.uu.nl/reader/resolver.php?obj=003150641&amp;type=2</subfield>
      <subfield code="x">Online</subfield>
      <subfield code="z">Full Text</subfield>
    </datafield>
  </record>